Hammond a gogo 3 (Record n. 99063)
[ formato base ]
| 000 -LEADER | |
|---|---|
| fixed length control field | 01346njm a2200277Ia 4500 |
| 001 - CONTROL NUMBER | |
| control field | 24183 |
| 003 - CONTROL NUMBER IDENTIFIER | |
| control field | IT-RoPAU |
| 005 - DATE AND TIME OF LATEST TRANSACTION | |
| control field | 20220918181112.0 |
| 008 - FIXED-LENGTH DATA ELEMENTS--GENERAL INFORMATION | |
| fixed length control field | 131025s9999 xx 000 0 und d |
| 040 ## - CATALOGING SOURCE | |
| Original cataloging agency | IT-RoPAU |
| 040 ## - CATALOGING SOURCE | |
| Transcribing agency | IT-RoPAU |
| 999 ## - SYSTEM CONTROL NUMBERS (KOHA) | |
| Koha Dewey Subclass [OBSOLETE] | n.d. |
| 100 ## - MAIN ENTRY--PERSONAL NAME | |
| Personal name | AA.VV. |
| 9 (RLIN) | 794 |
| 100 ## - MAIN ENTRY--PERSONAL NAME | |
| Relator term | Autore musica |
| 9 (RLIN) | 9398 |
| 100 ## - MAIN ENTRY--PERSONAL NAME | |
| Miscellaneous information | Codice autore musica SPICS: 12000 |
| 9 (RLIN) | 796 |
| 245 ## - TITLE STATEMENT | |
| Title | Hammond a gogo 3 |
| 250 ## - EDITION STATEMENT | |
| Edition statement | 1a ed. |
| 260 ## - PUBLICATION, DISTRIBUTION, ETC. (IMPRINT) | |
| Place of publication, distribution, etc. | ITALIA |
| 260 ## - PUBLICATION, DISTRIBUTION, ETC. (IMPRINT) | |
| Name of publisher, distributor, etc. | POLYDOR |
| Date of publication, distribution, etc. | 1969 [1a Ed.:1969] |
| 300 ## - PHYSICAL DESCRIPTION | |
| Extent | DISCO |
| 500 ## - GENERAL NOTE | |
| General note | Musica strumentale. Arrangiamento. Potpourri, gaze bock, fox-trott, cha cha cha, samba, latin fox, slow fox, valzer, medium fox, polka. Brani di autori vari. |
| 505 ## - FORMATTED CONTENTS NOTE | |
| Formatted contents note | September Song - Serenata - Cherokee - You Do Something To Me - Calcutta - Dance Ballerina Dance - Strawberry Cha-Cha-Cha - If I Were a Rich Man - Ich Hatt Getanzt Heut' Nacht - When You're Smiling - Isabell - The Impossible Dream - Autumn - Salome - Sweet Sue - The Way You Look Tonight - Tequila - Papa Loves Mambo - Oh, Lonesome me - It Had To Be You - Roses From Picardy - Half As Much - The Wedding Samba - El cumbanchero - La pachanga - Volare - 'S Wonderful - Mame |
| 650 ## - SUBJECT ADDED ENTRY--TOPICAL TERM | |
| Topical term or geographic name as entry element | ARRANGIAMENTO [DISCHI] |
| Relator term | Codice MATERIA SPICS: 9950 |
| 9 (RLIN) | 9399 |
| 700 ## - ADDED ENTRY--PERSONAL NAME | |
| Personal name | Last James |
| Relator term | Inteprete |
| Miscellaneous information | Codice interprete SPICS: 10976 |
| 9 (RLIN) | 9400 |
| 942 ## - ADDED ENTRY ELEMENTS (KOHA) | |
| Koha item type | DISCHI |
| Source of classification or shelving scheme | Dewey Decimal Classification |
| Withdrawn status | Lost status | Damaged status | Not for loan | Home library | Current library | Date acquired | Total Checkouts | Full call number | Date last seen | Price effective from | Koha item type | Public note |
|---|---|---|---|---|---|---|---|---|---|---|---|---|
| Buone Condizioni | Not For Loan | SPICS-MEDIATECA | SPICS-MEDIATECA | 25/10/2013 | 24183 | 25/10/2013 | 25/10/2013 | DISCHI | Progr. Ins.: 5030 / N.Vol.: 1 / Copie: 1 - Copia rara: n.d. / date import: 01.01.2014 - By Epidotti, Trombetti, Vaglietti |